Statement of circumstances attending the experiment of colonizing free negroes, at-the island of A'Vache, Hayti, W.I. (Record no. 91035)
[ view plain ]
| 000 -LEADER | |
|---|---|
| fixed length control field | 00956cam a22002537 4500 |
| 001 - CONTROL NUMBER | |
| control field | tmp92003351 |
| 003 - CONTROL NUMBER IDENTIFIER | |
| control field | DLC |
| 005 - DATE AND TIME OF LATEST TRANSACTION | |
| control field | 20260227112753.0 |
| 007 - PHYSICAL DESCRIPTION FIXED FIELD--GENERAL INFORMATION | |
| fixed length control field | cr ||||||||||| |
| 008 - FIXED-LENGTH DATA ELEMENTS--GENERAL INFORMATION | |
| fixed length control field | 921103s1864 nyu 000 0 eng |
| 010 ## - LIBRARY OF CONGRESS CONTROL NUMBER | |
| LC control number | tmp92003351 |
| 040 ## - CATALOGING SOURCE | |
| Original cataloging agency | DLC |
| Transcribing agency | DLC |
| Modifying agency | DLC |
| 050 00 - LIBRARY OF CONGRESS CALL NUMBER | |
| Classification number | E448 |
| Item number | .T89 |
| 100 1# - MAIN ENTRY--PERSONAL NAME | |
| Personal name | Tuckerman, Charles K. |
| Fuller form of name | (Charles Keating), |
| Dates associated with a name | 1821-1896. |
| 245 10 - TITLE STATEMENT | |
| Title | Statement of circumstances attending the experiment of colonizing free negroes, at-the island of A'Vache, Hayti, W.I. |
| 260 ## - PUBLICATION, DISTRIBUTION, ETC. | |
| Place of publication, distribution, etc. | [New York, |
| Date of publication, distribution, etc. | 1864] |
| 300 ## - PHYSICAL DESCRIPTION | |
| Extent | 20 p. |
| Dimensions | 23 cm. |
| 500 ## - GENERAL NOTE | |
| General note | Caption title. |
| 530 ## - ADDITIONAL PHYSICAL FORM AVAILABLE NOTE | |
| Additional physical form available note | Also available in digital form on the Library of Congress Web site. |
| 650 #0 - SUBJECT ADDED ENTRY--TOPICAL TERM | |
| Topical term or geographic name entry element | African Americans |
| General subdivision | Colonization |
| Geographic subdivision | Haiti |
| General subdivision | History |
| Chronological subdivision | 19th century. |
| 650 #0 - SUBJECT ADDED ENTRY--TOPICAL TERM | |
| Topical term or geographic name entry element | African Americans |
| General subdivision | History |
| Chronological subdivision | To 1863. |
| 856 41 - ELECTRONIC LOCATION AND ACCESS | |
| Materials specified | |
| Uniform Resource Identifier | <a href="http://hdl.loc.gov/loc.gdc/scd0001.20030806001st.1">http://hdl.loc.gov/loc.gdc/scd0001.20030806001st.1</a> |
| 856 41 - ELECTRONIC LOCATION AND ACCESS | |
| Materials specified | Page view |
| Uniform Resource Identifier | <a href="http://hdl.loc.gov/loc.gdc/scd0001.20030806001st.2">http://hdl.loc.gov/loc.gdc/scd0001.20030806001st.2</a> |
No items available.